000 005460000a22001930004500
003 LK-CoMWRAF
005 20230927115247.0
008 230817t ||||| |||| 00| 0 eng d
040 _aLK-CoMWRAF
_dLK-CoMWRAF
_eLK-CoMWRAF
041 _aeng
082 _a297.082
_bHAT
100 _aHatimy, Said Abdullah Seif Al
245 _aWomen in Islam
_bA Comparative Study
260 _bIslamic Pub:
_aLahore (Pakistan)
_c1979
300 _ap.155
650 _aWomen -- Social conditions
650 _aMuslim women -- Social conditions
942 _cBK
999 _c1434
_d1434